000 00571nam a2200181Ia 4500
003 IN-BaIIA
008 211028s9999 xx 000 0 eng d
040 _cIIA Library
080 _a31.5
_bMES-6
110 _aMcGraw-Hill Book
_99597
245 0 _aMcGraw-Hill Encyclopaedia of Science and Technology
_bvol. 6, GAB-HYS
_cMcGraw-Hill
260 _aNew York
_bMcGraw-Hill
_c1977
300 _a676p.
650 _aAstronomy and Astrophysics Thesaurus
650 _aEncyclopedia-Science & Technology
_99598
650 _aScience & Technology Encyclopedia
_99599
942 _cBK
999 _c5526
_d5526